[Event "PRO League Stage"]
[Site "Chess.com INT"]
[Date "2019.02.14"]
[Round "6"]
[White "Wheeler, Cameron"]
[Black "Nagle, Sean"]
[Result "1-0"]
[WhiteElo "2417"]
[BlackElo "2432"]
[PlyCount "141"]
[EventDate "2019.01.08"]
[EventType "team-swiss (rapid)"]
[EventRounds "10"]
[EventCountry "USA"]
[SourceTitle "CBM 189 Extra"]
[Source "ChessBase"]
[SourceDate "2019.06.03"]
[SourceVersion "1"]
[SourceVersionDate "2019.06.03"]
[SourceQuality "1"]
[WhiteTeam "Dallas Destiny"]
[BlackTeam "Minnesota Blizzard"]
[WhiteTeamCountry "USA"]
[BlackTeamCountry "USA"]

1. d4 Nf6 2. c4 g6 3. Nf3 Bg7 4. g3 0-0 5. Bg2 d6 6. 0-0 c6 7. Nc3 Qa5 8. e4 Bg4 9. h3 Bxf3 10. Qxf3 Nbd7 11. Be3 Qb4 12. Qe2 Nb6 13. e5 Nfd7 14. e6 fxe6 15. c5 Nd5 16. Bg5 Rf7 17. Qxe6 Nf8 18. Nxd5 Nxe6 19. Nxb4 Nxg5 20. Rad1 a5 21. Nc2 dxc5 22. dxc5 Ne6 23. Rfe1 Nxc5 24. Bf1 b5 25. Bg2 Rc8 26. Nd4 Bxd4 27. Rxd4 Kf8 28. Rc1 Ne6 29. Rd7 Nd8 30. Rcd1 Ne6 31. Rc1 c5 32. Bd5 Rf6 33. Re1 Kf7 34. Rb7 Rd8 35. Bxe6+ Rxe6 36. Rxe6 Kxe6 37. Rxb5 Kd5 38. Rxa5 Rb8 39. b3 Kd4 40. Ra4+ Kd3 41. Rc4 Rb5 42. Kg2 e5 43. Kf3 h5 44. h4 Ra5 45. a4 Ra8 46. Rxc5 e4+ 47. Kg2 Rf8 48. Kg1 Rb8 49. Rd5+ Ke2 50. Rd4 Kf3 51. b4 Rc8 52. Rd2 e3 53. fxe3 Kxg3 54. Rg2+ Kxh4 55. Rxg6 Kh3 56. Kf2 h4 57. Kf3 Rc4 58. Rb6 Kh2 59. a5 h3 60. a6 Kg1 61. Rg6+ Kf1 62. Rh6 Rxb4 63. Rxh3 Ke1 64. Rh1+ Kd2 65. Ra1 Rb8 66. a7 Ra8 67. Ke4 Kc3 68. Kd5 Kb4 69. Kc6 Rxa7 70. Rxa7 Kc4 71. Rd7 1-0

[Event "PRO League Stage"]
[Site "Chess.com INT"]
[Date "2018.02.28"]
[Round "8"]
[White "Becerra Rivero, Julio"]
[Black "Nagle, Sean"]
[Result "1/2-1/2"]
[WhiteElo "2531"]
[BlackElo "2432"]
[PlyCount "123"]
[EventDate "2018.01.18"]
[EventType "team-swiss (rapid)"]
[EventRounds "9"]
[EventCountry "USA"]
[SourceTitle "EXT 2019"]
[Source "ChessBase"]
[SourceDate "2018.10.10"]
[SourceVersion "1"]
[SourceVersionDate "2018.10.10"]
[SourceQuality "1"]
[WhiteTeam "Miami Champions"]
[BlackTeam "Minnesota Blizzard"]
[WhiteTeamCountry "USA"]
[BlackTeamCountry "USA"]

1. e4 g6 2. d4 Bg7 3. Nc3 d6 4. Bg5 a6 5. Qd2 Nd7 6. f4 b5 7. e5 Bb7 8. 0-0-0 f6 9. exf6 exf6 10. Bh4 Ne7 11. Nf3 Nb6 12. Bd3 Qd7 13. Rhe1 0-0-0 14. Kb1 Rde8 15. Ne4 Rhf8 16. Re2 h6 17. Rde1 Ned5 18. Ng3 Qf7 19. Ne4 Kb8 20. Bf2 f5 21. Nc3 Rxe2 22. Rxe2 Nb4 23. a3 Nxd3 24. Qxd3 Re8 25. Nh4 Bf6 26. g3 Nd5 27. Nxd5 Bxd5 28. Rxe8+ Qxe8 29. Qe3 Qf7 30. Nf3 Kc8 31. Nd2 Qd7 32. Qe2 Qe6 33. Qxe6+ Bxe6 34. c3 Kb7 35. Kc2 Be7 36. Kd3 c5 37. dxc5 dxc5 38. c4 Kc6 39. b3 Bf6 40. Nf3 bxc4+ 41. bxc4 Kd6 42. Be1 Bb2 43. a4 Bd7 44. Ne5 Bxa4 45. Nxg6 Bc6 46. Bc3 Be4+ 47. Kd2 Ba3 48. Ne5 Bb4 49. Nf7+ Ke6 50. Nxh6 a5 51. g4 fxg4 52. Nxg4 Kf5 53. Ne3+ Kxf4 54. Nd5+ Kg4 55. Nf6+ Kf5 56. Nxe4 Kxe4 57. Kc2 Kf3 58. Bf6 a4 59. h4 Kg4 60. Be7 Kh5 61. Kb2 Kg4 62. Ka2 1/2-1/2

[Event "PRO League Stage"]
[Site "Chess.com INT"]
[Date "2018.02.14"]
[Round "6"]
[White "Nagle, Sean"]
[Black "Ashwin, Jayaram"]
[Result "1-0"]
[WhiteElo "2432"]
[BlackElo "2486"]
[PlyCount "145"]
[EventDate "2018.01.18"]
[EventType "team-swiss (rapid)"]
[EventRounds "9"]
[EventCountry "USA"]
[SourceTitle "CBM 182 Extra"]
[Source "ChessBase"]
[SourceDate "2018.02.23"]
[SourceVersion "1"]
[SourceVersionDate "2018.02.23"]
[SourceQuality "1"]
[WhiteTeam "Minnesota Blizzard"]
[BlackTeam "Webster Windmills"]
[WhiteTeamCountry "USA"]
[BlackTeamCountry "USA"]

1. Nf3 Nf6 2. c4 e6 3. g3 d5 4. Bg2 dxc4 5. 0-0 a6 6. Na3 Bxa3 7. bxa3 0-0 8. a4 e5 9. Qc2 Nc6 10. Bb2 e4 11. Ng5 Bf5 12. Qxc4 Qxd2 13. Bxf6 gxf6 14. Nxe4 Qd4 15. Qxd4 Nxd4 16. Nxf6+ Kh8 17. e3 Ne2+ 18. Kh1 c6 19. g4 Be6 20. Rab1 Rab8 21. Rb2 Nc3 22. Rc1 Nxa2 23. Rcc2 Rfd8 24. Bf3 b5 25. Rxa2 Bxa2 26. Rxa2 b4 27. a5 b3 28. Rb2 Rb4 29. Ne4 Rd5 30. Kg2 Rxa5 31. Nd2 c5 32. Rxb3 Rxb3 33. Nxb3 Rb5 34. Bd5 Rb4 35. Nxc5 Rb5 36. Nxa6 Rxd5 37. Nb4 Rc5 38. Nd3 Rg5 39. h3 h5 40. Kg3 hxg4 41. hxg4 Kg7 42. Kf4 Ra5 43. f3 Kf6 44. e4 Rb5 45. Nf2 Ra5 46. Nd1 Ra3 47. Ne3 Kg6 48. Nd5 Rd3 49. g5 Kh5 50. Nf6+ Kh4 51. Ng4 Ra3 52. Nh6 Ra7 53. Kf5 Kg3 54. f4 Ra5+ 55. e5 Ra4 56. Nxf7 Rxf4+ 57. Ke6 Rg4 58. Kf6 Rf4+ 59. Ke6 Rg4 60. Ke7 Kf4 61. e6 Ke4 62. Kd7 Rg1 63. e7 Rd1+ 64. Nd6+ Kf3 65. e8Q Kg3 66. Qe3+ Kg4 67. Qe2+ Kg3 68. Qxd1 Kh3 69. Qg1 Kh4 70. g6 Kh5 71. g7 Kh6 72. g8Q Kh5 73. Qh8# 1-0

[Event "PRO League Stage"]
[Site "Chess.com INT"]
[Date "2018.02.14"]
[Round "6"]
[White "Nagle, Sean"]
[Black "Le, Quang Liem"]
[Result "0-1"]
[WhiteElo "2432"]
[BlackElo "2737"]
[PlyCount "130"]
[EventDate "2018.01.18"]
[EventType "team-swiss (rapid)"]
[EventRounds "9"]
[EventCountry "USA"]
[SourceTitle "CBM 182 Extra"]
[Source "ChessBase"]
[SourceDate "2018.02.23"]
[SourceVersion "1"]
[SourceVersionDate "2018.02.23"]
[SourceQuality "1"]
[WhiteTeam "Minnesota Blizzard"]
[BlackTeam "Webster Windmills"]
[WhiteTeamCountry "USA"]
[BlackTeamCountry "USA"]

1. Nf3 c5 2. c3 Nf6 3. d4 e6 4. Bf4 b6 5. e3 Bb7 6. Bd3 Be7 7. 0-0 0-0 8. h3 d5 9. Nbd2 Nbd7 10. Ne5 Rc8 11. Qf3 Nxe5 12. Bxe5 Nd7 13. Bh2 f5 14. Qe2 c4 15. Bc2 b5 16. a3 Qb6 17. Kh1 a5 18. f3 Bd6 19. e4 Bxh2 20. Kxh2 e5 21. exd5 exd4 22. Qe6+ Qxe6 23. dxe6 Nc5 24. e7 Rf6 25. cxd4 Ne6 26. Rae1 Kf7 27. d5 Nd4 28. Bb1 Bxd5 29. Re5 Be6 30. Rd1 Kxe7 31. Nf1 Rd8 32. Ne3 f4 33. Rxd4 Rxd4 34. Nf5+ Rxf5 35. Bxf5 Kf6 36. Rxe6+ Kxf5 37. Rb6 Rd5 38. Rc6 a4 39. h4 Ke5 40. Kh3 Kd4 41. Kg4 Kd3 42. Kxf4 Kc2 43. Ke4 Rh5 44. g4 Rxh4 45. Rb6 Kxb2 46. Rxb5+ Kxa3 47. Kd4 Rh3 48. Rf5 Kb3 49. Rb5+ Kc2 50. Rf5 c3 51. Ke3 a3 52. Ra5 Kb3 53. Rb5+ Kc4 54. Ra5 Kb4 55. Ra8 Rh1 56. Rb8+ Kc4 57. Rc8+ Kb3 58. Rb8+ Kc2 59. Ra8 Re1+ 60. Kd4 Kd2 61. Rxa3 c2 62. Rd3+ Ke2 63. Rc3 c1Q 64. Rxc1 Rxc1 65. f4 Kf3 0-1

[Event "PRO League Stage"]
[Site "Chess.com INT"]
[Date "2018.01.25"]
[Round "2"]
[White "Nagle, Sean"]
[Black "Della Morte, German"]
[Result "1-0"]
[WhiteElo "2432"]
[BlackElo "2353"]
[PlyCount "87"]
[EventDate "2018.01.18"]
[EventType "team-swiss (rapid)"]
[EventRounds "9"]
[EventCountry "USA"]
[SourceTitle "CBM 182 Extra"]
[Source "ChessBase"]
[SourceDate "2018.02.23"]
[SourceVersion "1"]
[SourceVersionDate "2018.02.23"]
[SourceQuality "1"]
[WhiteTeam "Minnesota Blizzard"]
[BlackTeam "Buenos Aires Krakens"]
[WhiteTeamCountry "USA"]
[BlackTeamCountry "ARG"]

1. Nf3 Nf6 2. c4 e6 3. g3 d5 4. Bg2 Be7 5. 0-0 0-0 6. d4 dxc4 7. Qc2 b6 8. Qxc4 Bb7 9. Nc3 Nbd7 10. Ne5 Bxg2 11. Kxg2 Nxe5 12. dxe5 Nd7 13. f4 Qc8 14. Qc6 a6 15. Be3 Bc5 16. Rad1 Nxe5 17. fxe5 Bxe3 18. Rf3 Bh6 19. Ne4 Qe8 20. Qxe8 Raxe8 21. g4 Rd8 22. Rxd8 Rxd8 23. g5 Rd4 24. Rd3 Rxd3 25. exd3 Bxg5 26. Nxg5 h6 27. Ne4 Kh7 28. Kf3 Kg6 29. d4 Kf5 30. h4 f6 31. Ng3+ Kg6 32. Kf4 Kf7 33. h5 f5 34. d5 exd5 35. Kxf5 d4 36. Ke4 c5 37. Nf5 b5 38. Kd5 d3 39. e6+ Ke8 40. Kxc5 d2 41. Ne3 a5 42. Kd6 Kd8 43. e7+ Ke8 44. Ke6 1-0

[Event "PRO League Stage"]
[Site "Chess.com INT"]
[Date "2018.01.25"]
[Round "2"]
[White "Villanueva, Mario Nicolas"]
[Black "Nagle, Sean"]
[Result "0-1"]
[WhiteElo "2466"]
[BlackElo "2432"]
[PlyCount "90"]
[EventDate "2018.01.18"]
[EventType "team-swiss (rapid)"]
[EventRounds "9"]
[EventCountry "USA"]
[SourceTitle "CBM 182 Extra"]
[Source "ChessBase"]
[SourceDate "2018.02.23"]
[SourceVersion "1"]
[SourceVersionDate "2018.02.23"]
[SourceQuality "1"]
[WhiteTeam "Buenos Aires Krakens"]
[BlackTeam "Minnesota Blizzard"]
[WhiteTeamCountry "ARG"]
[BlackTeamCountry "USA"]

1. e4 g6 2. d4 Bg7 3. Nc3 d6 4. f4 Nf6 5. Nf3 c5 6. dxc5 Qa5 7. Qd4 0-0 8. Bd2 Nc6 9. Qc4 Be6 10. Qb5 Qc7 11. 0-0-0 Rac8 12. h3 a6 13. Qb6 Qb8 14. cxd6 exd6 15. Ng5 Nd7 16. Qf2 Nb4 17. a3 Na2+ 18. Nxa2 Bxa2 19. e5 Nc5 20. b4 Na4 21. Qh4 h6 22. Ne4 dxe5 23. Nf6+ Bxf6 24. Qxf6 Rfd8 25. Be3 Rxd1+ 26. Kxd1 Nc3+ 27. Kc1 Nd5 28. Qxe5 Qxe5 29. fxe5 Nxe3 30. Bd3 Nxg2 31. Be4 Ne3 32. Re1 Nxc2 33. Bxc2 Bb3 34. Re2 Kf8 35. Kb2 Rxc2+ 36. Rxc2 Bxc2 37. Kxc2 Ke7 38. Kd3 Ke6 39. Kd4 g5 40. a4 b6 41. a5 bxa5 42. bxa5 h5 43. Ke4 h4 44. Kd4 g4 45. Ke4 g3 0-1

[Event "PRO League Stage"]
[Site "Chess.com INT"]
[Date "2018.01.18"]
[Round "1"]
[White "Swiercz, Dariusz"]
[Black "Nagle, Sean"]
[Result "1/2-1/2"]
[WhiteElo "2649"]
[BlackElo "2432"]
[PlyCount "74"]
[EventDate "2018.01.18"]
[EventType "team-swiss (rapid)"]
[EventRounds "9"]
[EventCountry "USA"]
[SourceTitle "CBM 182 Extra"]
[Source "ChessBase"]
[SourceDate "2018.02.23"]
[SourceVersion "1"]
[SourceVersionDate "2018.02.23"]
[SourceQuality "1"]
[WhiteTeam "Saint Louis Arch Bishops"]
[BlackTeam "Minnesota Blizzard"]
[WhiteTeamCountry "USA"]
[BlackTeamCountry "USA"]

1. d4 g6 2. e4 Bg7 3. Nc3 d6 4. f4 Nf6 5. Nf3 e6 6. Bd3 Nc6 7. 0-0 0-0 8. Kh1 b6 9. Be3 Bb7 10. a3 Ne7 11. Qe2 d5 12. e5 Ne4 13. Bxe4 dxe4 14. Ng5 Nf5 15. Rad1 Ba6 16. Qxa6 Nxe3 17. Ngxe4 Nxf1 18. Qxf1 f6 19. g3 Kh8 20. Qc4 Qe7 21. Qc6 Rad8 22. Kg2 fxe5 23. dxe5 h6 24. h4 Qf7 25. Rxd8 Rxd8 26. Qb7 Rf8 27. Qxa7 Bxe5 28. fxe5 Qf1+ 29. Kh2 Rf2+ 30. Nxf2 Qxf2+ 31. Kh1 Qf1+ 32. Kh2 Qf2+ 33. Kh3 Qf1+ 34. Kh2 Qf2+ 35. Kh3 Qf1+ 36. Kh2 Qf2+ 37. Kh3 Qf1+ 1/2-1/2

[Event "PRO League Stage"]
[Site "Chess.com INT"]
[Date "2017.02.22"]
[Round "7"]
[White "Nagle, Sean"]
[Black "Li, Beilin"]
[Result "1-0"]
[WhiteElo "2423"]
[BlackElo "1780"]
[PlyCount "75"]
[EventDate "2017.01.11"]
[EventType "team-swiss (rapid)"]
[EventRounds "7"]
[EventCountry "USA"]
[SourceTitle "EXT 2018"]
[Source "ChessBase"]
[SourceDate "2017.10.13"]
[SourceVersion "1"]
[SourceVersionDate "2017.10.13"]
[SourceQuality "1"]
[WhiteTeam "Minnesota Blizzard"]
[BlackTeam "Pittsburgh Pawngrabbers"]
[WhiteTeamCountry "USA"]
[BlackTeamCountry "USA"]

1. Nf3 Nf6 2. c4 e6 3. g3 b6 4. Bg2 Bb7 5. 0-0 c5 6. Nc3 Be7 7. Re1 0-0 8. e4 d6 9. d4 cxd4 10. Nxd4 a6 11. e5 dxe5 12. Bxb7 exd4 13. Bxa8 dxc3 14. Qxd8 Rxd8 15. bxc3 Nbd7 16. Bg2 Nc5 17. Rb1 Na4 18. Be3 Rd6 19. Rb3 Nd7 20. Bf3 Nac5 21. Rbb1 Rd3 22. Rec1 Bf6 23. Bxc5 bxc5 24. Rd1 Rxf3 25. Rxd7 h6 26. Rb3 Rxc3 27. Rxc3 Bxc3 28. Kf1 a5 29. Ke2 Bb4 30. Ra7 g6 31. Kd3 Kg7 32. Kc2 Kf6 33. Kb3 Ke5 34. Rxf7 Bd2 35. Kc2 Bb4 36. Kd3 Ba3 37. f4+ Kd6 38. Rf6 1-0

[Event "PRO League Stage"]
[Site "Chess.com INT"]
[Date "2017.02.15"]
[Round "6"]
[White "Boros, Denes"]
[Black "Nagle, Sean"]
[Result "0-1"]
[WhiteElo "2444"]
[BlackElo "2423"]
[PlyCount "92"]
[EventDate "2017.01.11"]
[EventType "team-swiss (rapid)"]
[EventRounds "7"]
[EventCountry "USA"]
[SourceTitle "CBM 176 Extra"]
[Source "ChessBase"]
[SourceDate "2017.03.02"]
[SourceVersion "1"]
[SourceVersionDate "2017.03.02"]
[SourceQuality "1"]
[WhiteTeam "Webster Windmills"]
[BlackTeam "Minnesota Blizzard"]
[WhiteTeamCountry "USA"]
[BlackTeamCountry "UAE"]

1. b3 d5 2. Bb2 Bg4 3. g3 c6 4. Bg2 Nd7 5. h3 Bh5 6. Nf3 Qc7 7. c4 dxc4 8. bxc4 e5 9. 0-0 Ngf6 10. Qc2 Bd6 11. Nh4 Bxe2 12. Re1 Bh5 13. d4 0-0 14. c5 Be7 15. Nf5 Rfe8 16. dxe5 Bxc5 17. Nd2 Nd5 18. Nb3 Bb6 19. Nd6 Re6 20. Rac1 Bg6 21. Qd2 Rxd6 22. exd6 Qxd6 23. Kh2 h5 24. Bd4 h4 25. Bxb6 axb6 26. Bxd5 cxd5 27. Nd4 hxg3+ 28. fxg3 Nf6 29. Nb5 Qd7 30. Qb2 Ne4 31. Rc7 Qf5 32. Qc2 Qf3 33. Qg2 Rxa2 34. Qxa2 Qxg3+ 35. Kh1 Qxe1+ 36. Kg2 Qg3+ 37. Kf1 Qd3+ 38. Kg2 Qxb5 39. Qc2 Nd6 40. Qd2 Be4+ 41. Kg3 Qf1 42. Rc1 Qf3+ 43. Kh2 f6 44. Rc3 Qh1+ 45. Kg3 Qg1+ 46. Kh4 Nf5+ 0-1

[Event "PRO League Stage"]
[Site "Chess.com INT"]
[Date "2017.02.15"]
[Round "6"]
[White "Nagle, Sean"]
[Black "Nyzhnyk, Illya"]
[Result "1/2-1/2"]
[WhiteElo "2423"]
[BlackElo "2616"]
[PlyCount "77"]
[EventDate "2017.01.11"]
[EventType "team-swiss (rapid)"]
[EventRounds "7"]
[EventCountry "USA"]
[SourceTitle "CBM 176 Extra"]
[Source "ChessBase"]
[SourceDate "2017.03.02"]
[SourceVersion "1"]
[SourceVersionDate "2017.03.02"]
[SourceQuality "1"]
[WhiteTeam "Minnesota Blizzard"]
[BlackTeam "Webster Windmills"]
[WhiteTeamCountry "UAE"]
[BlackTeamCountry "USA"]

1. Nf3 Nf6 2. c4 c6 3. Nc3 d5 4. cxd5 cxd5 5. d4 Nc6 6. Bf4 Bf5 7. e3 e6 8. Bb5 Bb4 9. Ne5 Qa5 10. 0-0 Bxc3 11. Bxc6+ bxc6 12. bxc3 Rc8 13. g4 Be4 14. f3 Bg6 15. h4 h5 16. g5 Nd7 17. Nxg6 fxg6 18. Qd3 Kf7 19. Rfb1 Nb6 20. a4 Rhd8 21. Bg3 Rd7 22. Rb4 Re8 23. Rab1 Ree7 24. Kf2 Nc4 25. Qd1 e5 26. dxe5 Nxe5 27. Bxe5 Rxe5 28. Rf4+ Kg8 29. Rb8+ Rd8 30. Rb7 Qxc3 31. Qd4 Qc2+ 32. Kg3 Qc1 33. Rxg7+ Kh8 34. Re7 Qg1+ 35. Kh3 Qh1+ 36. Kg3 Qg1+ 37. Kh3 Qh1+ 38. Kg3 Qg1+ 39. Kh3 1/2-1/2

[Event "PRO League Stage"]
[Site "Chess.com INT"]
[Date "2017.02.15"]
[Round "6"]
[White "Shimanov, Aleksandr"]
[Black "Nagle, Sean"]
[Result "0-1"]
[WhiteElo "2642"]
[BlackElo "2423"]
[PlyCount "122"]
[EventDate "2017.01.11"]
[EventType "team-swiss (rapid)"]
[EventRounds "7"]
[EventCountry "USA"]
[SourceTitle "CBM 176 Extra"]
[Source "ChessBase"]
[SourceDate "2017.03.02"]
[SourceVersion "1"]
[SourceVersionDate "2017.03.02"]
[SourceQuality "1"]
[WhiteTeam "Webster Windmills"]
[BlackTeam "Minnesota Blizzard"]
[WhiteTeamCountry "USA"]
[BlackTeamCountry "UAE"]

1. c4 g6 2. d4 Bg7 3. Nf3 d6 4. Nc3 Nf6 5. e4 Bg4 6. Be2 Nfd7 7. Be3 a6 8. Ng1 Bxe2 9. Ngxe2 c5 10. 0-0 0-0 11. Rc1 Nc6 12. b3 b5 13. d5 Nce5 14. f4 Ng4 15. Bd2 Nb6 16. Nb1 b4 17. h3 Nf6 18. Qc2 a5 19. a4 bxa3 20. Nxa3 a4 21. b4 cxb4 22. Bxb4 Nbxd5 23. Bd2 Nb4 24. Qb1 Na6 25. Be3 Nc5 26. Bxc5 dxc5 27. e5 Ne8 28. Rfd1 Qa5 29. Rd7 Nc7 30. Rxe7 Ne6 31. Rd1 Rad8 32. Red7 Rxd7 33. Rxd7 Rd8 34. Rxd8+ Qxd8 35. g3 g5 36. Qe4 gxf4 37. gxf4 Qd2 38. Kf1 Bh6 39. Qa8+ Bf8 40. Qg2+ Kh8 41. Qd5 Qe3 42. Nc2 Qxh3+ 43. Kf2 Bh6 44. Qe4 Qh4+ 45. Kf3 Bxf4 46. Qf5 Qh1+ 47. Kf2 Qh2+ 48. Kf1 Kg8 49. Qg4+ Kf8 50. Qf3 Bxe5 51. Ne3 Nd4 52. Nxd4 Bxd4 53. Nf5 Qe5 54. Qa8+ Qe8 55. Qa6 Bg7 56. Qd6+ Kg8 57. Qxc5 h6 58. Qd5 Qe6 59. Qd3 Bf8 60. Qg3+ Qg6 61. Qd3 a3 0-1

[Event "PRO League Stage"]
[Site "Chess.com INT"]
[Date "2017.02.11"]
[Round "5"]
[White "Nagle, Sean"]
[Black "Debashis, Das"]
[Result "0-1"]
[WhiteElo "2423"]
[BlackElo "2472"]
[PlyCount "74"]
[EventDate "2017.01.11"]
[EventType "team-swiss (rapid)"]
[EventRounds "7"]
[EventCountry "USA"]
[SourceTitle "CBM 176 Extra"]
[Source "ChessBase"]
[SourceDate "2017.03.02"]
[SourceVersion "1"]
[SourceVersionDate "2017.03.02"]
[SourceQuality "1"]
[WhiteTeam "Minnesota Blizzard"]
[BlackTeam "Odisha Express"]
[WhiteTeamCountry "UAE"]
[BlackTeamCountry "IND"]

1. Nf3 Nf6 2. c4 e6 3. g3 d5 4. d4 Be7 5. Bg2 0-0 6. 0-0 dxc4 7. Qc2 a6 8. a4 Bd7 9. Qxc4 Bc6 10. Bf4 Bd6 11. Qc1 Nbd7 12. Nc3 b5 13. Ne5 Bxg2 14. Kxg2 Qb8 15. f3 Qb6 16. Rd1 Rfd8 17. Nxd7 Nxd7 18. Ne4 Bxf4 19. Qxf4 bxa4 20. Rd2 Qc6 21. Ra3 Nb6 22. Rc3 Qe8 23. Qg5 Nd5 24. Rc5 h6 25. Qh4 Rab8 26. Nc3 Ne3+ 27. Kf2 Nf5 28. Qf4 Rb4 29. e3 Nd6 30. Rc2 Rdb8 31. Nd1 a3 32. bxa3 Rb1 33. Rxc7 Nb5 34. Re7 Qxe7 35. Qxb8+ Kh7 36. Qa8 Rxd1 37. Qxa6 Nd6 0-1

[Event "PRO League Stage"]
[Site "Chess.com INT"]
[Date "2017.02.11"]
[Round "5"]
[White "Nagle, Sean"]
[Black "Sethuraman, SP."]
[Result "0-1"]
[WhiteElo "2423"]
[BlackElo "2623"]
[PlyCount "138"]
[EventDate "2017.01.11"]
[EventType "team-swiss (rapid)"]
[EventRounds "7"]
[EventCountry "USA"]
[SourceTitle "CBM 176 Extra"]
[Source "ChessBase"]
[SourceDate "2017.03.02"]
[SourceVersion "1"]
[SourceVersionDate "2017.03.02"]
[SourceQuality "1"]
[WhiteTeam "Minnesota Blizzard"]
[BlackTeam "Odisha Express"]
[WhiteTeamCountry "UAE"]
[BlackTeamCountry "IND"]

1. Nf3 d5 2. d4 Nf6 3. c4 e6 4. g3 dxc4 5. Bg2 a6 6. 0-0 Nc6 7. e3 Bd7 8. Qe2 Bd6 9. Qxc4 0-0 10. Rd1 Qe7 11. Nbd2 Nb4 12. Qe2 Bb5 13. Nc4 a5 14. a3 Nc6 15. Qc2 Rfd8 16. Bd2 Qe8 17. Rac1 h6 18. Be1 a4 19. Bf1 Bxc4 20. Qxc4 Na5 21. Qb5 Nb3 22. Qxe8+ Rxe8 23. Rc2 c6 24. Bc4 Na5 25. Ba2 Bf8 26. Ne5 Red8 27. Nd3 Ne4 28. f3 Nd6 29. Nc5 Nf5 30. Kf2 Bxc5 31. Rxc5 b6 32. Rcc1 Rdc8 33. g4 Ne7 34. e4 Nb7 35. Ke3 Kf8 36. Rc2 Ke8 37. Rdc1 Kd7 38. h4 Nd6 39. h5 f6 40. Bg3 Nb7 41. Rc3 Ra5 42. Bc4 Nd6 43. Be2 Nb5 44. Rc4 Nd6 45. R4c2 Raa8 46. Bd1 Rc7 47. Rc3 Rcc8 48. Be2 Rc7 49. Bd1 Rcc8 50. Bxd6 Kxd6 51. Rc4 b5 52. Rc5 Rab8 53. f4 Re8 54. Kd3 Kd7 55. Bf3 Red8 56. Kc3 Ke8 57. g5 fxg5 58. fxg5 Kd7 59. gxh6 gxh6 60. d5 cxd5 61. exd5 exd5 62. Kd4 Kd6 63. Bxd5 Rf8 64. Bg2 Rf2 65. Bh3 Rd2+ 66. Ke3 Rxb2 67. R5c3 Nd5+ 68. Kd4 Nxc3 69. Rxc3 Rb3 0-1

[Event "PRO League Stage"]
[Site "Chess.com INT"]
[Date "2017.02.11"]
[Round "5"]
[White "Satyapragyan, Swayangsu"]
[Black "Nagle, Sean"]
[Result "1-0"]
[WhiteElo "2462"]
[BlackElo "2423"]
[PlyCount "67"]
[EventDate "2017.01.11"]
[EventType "team-swiss (rapid)"]
[EventRounds "7"]
[EventCountry "USA"]
[SourceTitle "CBM 176 Extra"]
[Source "ChessBase"]
[SourceDate "2017.03.02"]
[SourceVersion "1"]
[SourceVersionDate "2017.03.02"]
[SourceQuality "1"]
[WhiteTeam "Odisha Express"]
[BlackTeam "Minnesota Blizzard"]
[WhiteTeamCountry "IND"]
[BlackTeamCountry "UAE"]

1. e4 g6 2. d4 Bg7 3. Nc3 d6 4. Nf3 a6 5. a4 b6 6. Be2 Bb7 7. 0-0 Nd7 8. Re1 e6 9. Bd3 Ne7 10. Ne2 e5 11. Bg5 0-0 12. Qd2 Qe8 13. Rad1 exd4 14. Nexd4 c5 15. Ne2 Nc6 16. Bh6 Nde5 17. Nxe5 Nxe5 18. Bxg7 Kxg7 19. Nc3 Rd8 20. Bf1 Nc6 21. Nd5 Nd4 22. c3 Ne6 23. Nxb6 Qc6 24. a5 Rfe8 25. Bc4 Nc7 26. Bd5 Nxd5 27. exd5 Qc7 28. h3 Bc8 29. Rxe8 Rxe8 30. Re1 Bd7 31. Rxe8 Bxe8 32. Qe2 Bb5 33. c4 Bd7 34. Qe7 1-0

[Event "PRO League Stage"]
[Site "Chess.com INT"]
[Date "2017.02.11"]
[Round "5"]
[White "Swayams, Mishra"]
[Black "Nagle, Sean"]
[Result "1/2-1/2"]
[WhiteElo "2491"]
[BlackElo "2423"]
[PlyCount "63"]
[EventDate "2017.01.11"]
[EventType "team-swiss (rapid)"]
[EventRounds "7"]
[EventCountry "USA"]
[SourceTitle "CBM 176 Extra"]
[Source "ChessBase"]
[SourceDate "2017.03.02"]
[SourceVersion "1"]
[SourceVersionDate "2017.03.02"]
[SourceQuality "1"]
[WhiteTeam "Odisha Express"]
[BlackTeam "Minnesota Blizzard"]
[WhiteTeamCountry "IND"]
[BlackTeamCountry "UAE"]

1. d4 Nf6 2. c4 g6 3. Nc3 Bg7 4. e4 d6 5. Nf3 0-0 6. Be2 e5 7. 0-0 Nc6 8. d5 Ne7 9. Ne1 Nd7 10. Be3 f5 11. f3 f4 12. Bf2 g5 13. a4 a5 14. Nd3 b6 15. b4 axb4 16. Nxb4 Nf6 17. Nc6 Nxc6 18. dxc6 Qe8 19. Nd5 Rf7 20. Qb3 Bf8 21. a5 bxa5 22. Qb5 Ra6 23. Rxa5 Rxa5 24. Qxa5 Qxc6 25. Rb1 Nxd5 26. cxd5 Qc2 27. Qe1 h5 28. Rc1 Qb2 29. Rb1 Qc2 30. Rc1 Qa2 31. Ra1 Qc2 32. Rc1 1/2-1/2

[Event "PRO League Pacific"]
[Site "Chess.com INT"]
[Date "2017.02.01"]
[Round "4"]
[White "Holt, Conrad"]
[Black "Nagle, Sean"]
[Result "0-1"]
[WhiteElo "2567"]
[BlackElo "2423"]
[PlyCount "126"]
[EventDate "2017.01.11"]
[EventType "team-swiss (rapid)"]
[EventRounds "7"]
[EventCountry "USA"]
[SourceTitle "CBM 176 Extra"]
[Source "ChessBase"]
[SourceDate "2017.03.02"]
[SourceVersion "1"]
[SourceVersionDate "2017.03.02"]
[SourceQuality "1"]
[WhiteTeam "Dallas Destiny"]
[BlackTeam "Minnesota Blizzard"]
[WhiteTeamCountry "USA"]
[BlackTeamCountry "UAE"]

1. d4 Nf6 2. c4 g6 3. Nc3 Bg7 4. e4 d6 5. Nf3 0-0 6. h3 e5 7. d5 a5 8. Bg5 Na6 9. Nd2 Qe8 10. Be2 Nd7 11. g4 Ndc5 12. Rg1 Kh8 13. Nf1 f6 14. Be3 f5 15. gxf5 gxf5 16. exf5 Bxf5 17. Ng3 Bg6 18. Nh5 Nb4 19. Kd2 Nbd3 20. Nxg7 Kxg7 21. Bh5 Nxb2 22. Qg4 Rf4 23. Bxf4 Nxc4+ 24. Kc1 Nd3+ 25. Kc2 Nxf4+ 26. Bxg6 hxg6 27. Rae1 c6 28. dxc6 bxc6 29. Re4 d5 30. Rxc4 dxc4 31. Rb1 Qc8 32. Qg5 Qf5+ 33. Qxf5 gxf5 34. Rb7+ Kf6 35. Rc7 Ra6 36. h4 Nd5 37. Rc8 Nb4+ 38. Kd2 c5 39. Rxc5 Rd6+ 40. Ke2 Rd4 41. a3 Nd3 42. Rc6+ Kg7 43. Nb5 Re4+ 44. Kf1 Rxh4 45. Nd6 Rh5 46. Nxc4 Nf4 47. Ke1 Rh1+ 48. Kd2 e4 49. Ke3 Ng2+ 50. Kd4 Rf1 51. Ne3 Rxf2 52. Rc7+ Kg6 53. Nd5 Rd2+ 54. Ke5 Rxd5+ 55. Kxd5 e3 56. Re7 e2 57. Kc4 e1Q 58. Rxe1 Nxe1 59. Kb5 Nc2 60. Kxa5 Nxa3 61. Kb4 Kg5 62. Kc3 Kg4 63. Kd2 Kg3 0-1